000 00901nam a2200253Ia 4500
003 OSt
005 20220930190200.0
006 a|||||r|||| 00| 0
007 ta
008 220926b |||||||| |||| 00| 0 pan d
020 _c50
024 _a94628
037 _b72864, 31/12/2008, Arsee Publishers
_cTextbook
040 _aCRL
_cCRL
_bpan
041 _2pan
_apan
082 _aDelta2y7MKI, 153M0
100 _aਨਿਰੰਜਨ ਸਿੰਘ
245 0 _a185 ਸਾਲਾ ਜੋਗੀFਵਰ Fਹਿਗ਼ਾਦਾ ਕ੍ਰਿFਨ ਸਿੰਘ ਦੀ ਜੀਵਨ ਯਾਤਰਾ
260 _aਦਿੱਲੀ,
_bਆਰਸੀ, ਭਾਰਤ
_c1980
300 _a116ਪੰ
_ccm.
650 _aਅਧਿਆਤਮਵਾਦ
942 _hDelta2y7MKI, 153M0
_cTB
_2CC
999 _c891723
_d891723